| 000 | 01135nam2a22003011 4500 | ||
|---|---|---|---|
| 001 | v19\rc\2100140 | ||
| 005 | 20250620044001.0 | ||
| 035 | _a(NLR Aleph) 005176182 | ||
| 090 |
_a5102599 _c5102599 |
||
| 100 | _a20090914d1814 |||y0rusy50 ca | ||
| 101 | 0 | _arus | |
| 102 | _aRU | ||
| 105 | _ay z ||||| | ||
| 200 | 1 |
_a[Смесь _aПесни _aСказки] |
|
| 210 |
_aМосква _cв типографии С. Селивановскаго _d1814 |
||
| 215 | _a[6], 146 с. | ||
| 461 | 0 |
_1001v19\rc\2100138 _12001#$aСочинения И.И. Дмитриева$vЧ. 2 _95102588 _aДмитриев, И.И. (1760-1837) _cМосква _d1814 _eИздание четвертое _nв типографии С. Селивановскаго _p3 т. _tСочинения И.И. Дмитриева _vЧ. 2 |
|
| 540 | 1 | _aСмесь | |
| 801 | 0 |
_aRU _bNLR _gpsbo |
|
| 801 | 1 |
_aRU _bProSoft-M _2rusmarc |
|
| 801 | 2 |
_aRU _bNLR _c20150209 _2rusmarc |
|
| 852 |
_aNLR _j18.48.3.8(ч.2) |
||
| 852 |
_aNLR _j140/2(ч.2) |
||
| 852 |
_aNLR _bРЗФ _j18 в. 5/65 (ч.2) |
||
| 852 |
_aNLR _bРЗФ _j18 в. 5/65 (ч.2)а |
||
| 942 | _cBOOK | ||
| 980 | _aNB | ||